Allsvenska mästare - Statistics

General Stats
  • This quiz has been taken 425 times
  • The average score is 12 of 15
Answer Stats
Titlar Klubb % Correct
20 Malmö FF
99%
6 AIK
98%
7 Djurgårdens IF
97%
15 IFK Göteborg
97%
1 Hammarby IF
94%
13 IFK Norrköping
90%
6 IF Elfsborg
81%
2 Gais
78%
5 Helsingborgs IF
78%
1 Kalmar FF
78%
4 Östers IF
68%
4 Halmstads BK
67%
1 Örgryte IS
61%
2 Åtvidabergs FF
42%
1 IK Sleipner
25%
No matching quizzes found
Score Distribution
Percent of People with Each Score
Percentile by Number Answered
Your Score History
You have not taken this quiz